000
00298nam a22001217a 4500
003
SGT
082
_a
614
_b
F14V
100
_a
VIJ, KRISHAN
245
_a
TB.OF FORENSIC MEDICINE AND TOXICOLOGY PRINCIPLES AND PRACTICE
260
_a
INDIA
_b
ELSEVIER PUB
_c
2014
300
_a
538
942
_2
ddc
_c
BK
_0
1
999
_c
15096
_d
15096